|
|
|
|
| LEADER |
01298nam a2200349Ia 4500 |
| 001 |
EBC273102 |
| 003 |
MiAaPQ |
| 005 |
20200520144314.0 |
| 006 |
m o d | |
| 007 |
cr cn||||||||| |
| 008 |
971029s1999 nyua sb 001 0 eng d |
| 010 |
|
|
|z 97039272
|
| 020 |
|
|
|z 9780195122749
|
| 020 |
|
|
|z 0195122747 (alk. paper)
|
| 035 |
|
|
|a (MiAaPQ)EBC273102
|
| 035 |
|
|
|a (Au-PeEL)EBL273102
|
| 035 |
|
|
|a (CaPaEBR)ebr10279132
|
| 035 |
|
|
|a (CaONFJC)MIL53005
|
| 035 |
|
|
|a (OCoLC)935260835
|
| 040 |
|
|
|a MiAaPQ
|c MiAaPQ
|d MiAaPQ
|
| 050 |
|
4 |
|a HB849.415
|b .H37 1999
|
| 100 |
1 |
|
|a Hardin, Garrett James,
|d 1915-2003.
|
| 245 |
1 |
4 |
|a The ostrich factor
|h [electronic resource] :
|b our population myopia /
|c Garrett Hardin.
|
| 260 |
|
|
|a New York :
|b Oxford University Press,
|c 1999.
|
| 300 |
|
|
|a viii, 168 p. :
|b ill.
|
| 504 |
|
|
|a Includes bibliographical references (p. [155]-163) and index.
|
| 533 |
|
|
|a Electronic reproduction. Ann Arbor, MI : ProQuest, 2015. Available via World Wide Web. Access may be limited to ProQuest affiliated libraries.
|
| 650 |
|
0 |
|a Population
|x Environmental aspects.
|
| 650 |
|
0 |
|a Quality of life.
|
| 655 |
|
4 |
|a Electronic books.
|
| 710 |
2 |
|
|a ProQuest (Firm)
|
| 856 |
4 |
0 |
|u https://ebookcentral.proquest.com/lib/matrademy/detail.action?docID=273102
|z Click to View
|